000 00600nam a22001937a 4500
003 OSt
005 20140310181751.0
008 130627t xxu||||| |||| 00| 0 eng d
020 _a9789712335754
050 _aQA 152.2
_b.Or74 2003
082 _aFIL 512
_bOr6 2003
100 _aOronce, Orlando A.
245 _aExploring Mathematics II. Intermediate Algebra :
_bworktext Mathematics for secondary schools /
_cOrlando A. Oronce, Marilyn O. Mendoza.
260 _aManila :
_bRex Book Store,
_cc2003.
300 _axii, 549 p. ;
_c26 cm.
562 _e1
942 _2lcc
_cBK
999 _c3235
_d3235